Programujeme v Delphi / 2. časť

Podrobná bibliografia
Hlavný autor: Reiter, Michal (Autor)
Médium: Článok
Jazyk:slovenčina

MARC

LEADER 00000nab a2200000 a 4500
001 vtls010731556
003 SK-MaSNL
005 20260304193914.0
008 250709s2011 xo |||||||||||||||||slo|
035 |a (urnnbn)urn:nbn:sk:snk:ar-a05b2c 
035 |a (uuid)a7b2199f-8c77-440f-9805-003c96a690d2 
035 |a urn:nbn:sk:snk-ab3u2q 
040 |a SNKBUCL  |b slo  |c SNKBUCL  |e AACR2 
041 0 |a slo 
044 |a xo  |c SK 
100 1 |a Reiter, Michal  |4 aut  |9 758687 
245 1 0 |a Programujeme v Delphi / 2. časť  |c Michal Reiter 
773 0 |t PC revue : sprievodca digitálnym svetom  |g Roč. 19, č. 8 (2011), s. 104 
850 |a Slovenská národná knižnica 
852 |a Slovenská národná knižnica 
954 |a odborná, vedecká literatúra pôvodná (slovenská)  |2 lita 
958 |a article1 
958 |a OND 
958 |a EUIPO 
999 |c 3070331  |d 3072261